书目信息 |
| 题名: |
破解英语语法
|
|
| 作者: | 张迪 , 张鹏 主编 | |
| 分册: | ||
| 出版信息: | 北京 国防工业出版社 2006.02 |
|
| 页数: | 434页 | |
| 开本: | 20cm | |
| 丛书名: | ||
| 单 册: | ||
| 中图分类: | H314 | |
| 科图分类: | ||
| 主题词: | 英语--ying yu--语法 | |
| 电子资源: | ||
| ISBN: | 7-118-04316-8 | |
| 000 | 00746nam0 2200229 450 | |
| 001 | 012006545986 | |
| 005 | 20060522094724.79 | |
| 010 | @a7-118-04316-8@dCNY23.00 | |
| 100 | @a20060425d2006 km y0chiy0120 ea | |
| 101 | 0 | @achi@aeng |
| 102 | @aCN@b110000 | |
| 105 | @ay z 000yy | |
| 200 | 1 | @a破解英语语法@Apo jie ying yu yu fa@f张迪, 张鹏主编@Fzhang di,zhang peng zhu bian |
| 210 | @a北京@c国防工业出版社@d2006.02 | |
| 215 | @a434页@d20cm | |
| 330 | @a本书主要介绍了学习英语语法的一些相关的内容,学习语法就是把握规律,破解特殊用法,把英语变成一 种习惯! | |
| 606 | 0 | @a英语@Aying yu@x语法 |
| 690 | @aH314@v4 | |
| 701 | 0 | @a张迪@Azhang di@4主编 |
| 701 | 0 | @a张鹏@Azhang peng@4主编 |
| 801 | 0 | @aCN@bQSSK@c20060522 |
| 905 | @a10447@dH314@eZ093 | |
| 破解英语语法/张迪, 张鹏主编.-北京:国防工业出版社,2006.02 |
| 434页;20cm |
| ISBN 7-118-04316-8:CNY23.00 |
| 本书主要介绍了学习英语语法的一些相关的内容,学习语法就是把握规律,破解特殊用法,把英语变成一 种习惯! |
| ● |
| 相关链接 |
|
|
|
正题名:破解英语语法
索取号:H314/Z093
 
预约/预借
| 序号 | 登录号 | 条形码 | 馆藏地/架位号 | 状态 | 备注 |
| 1 | 559389 | 205593892 | 语言库209/209语言库 35排4列5层/ [索取号:H314/Z093] | 在馆 | |
| 2 | 559390 | 205593909 | 语言库209/209语言库 35排4列5层/ [索取号:H314/Z093] | 在馆 | |
| 3 | 559391 | 205593918 | 语言库209/209语言库 35排4列5层/ [索取号:H314/Z093] | 在馆 |